|
|
|
|
| LEADER |
00000nab a2200000 a 4500 |
| 001 |
vtls000617730 |
| 003 |
SK-MaSNL |
| 005 |
20260304005905.0 |
| 008 |
160401c1996 xo 0 ukr |
| 015 |
|
|
|a SNBRB19rr/mm-uuuuu
|
| 035 |
|
|
|a CL0617869
|
| 040 |
|
|
|a SNKBUCL
|b slo
|c SNKBUCL
|e AACR2
|
| 041 |
0 |
|
|a ukr
|
| 044 |
|
|
|a xo
|c SK
|
| 080 |
|
|
|a 371.7:061.3
|2 1981
|
| 080 |
|
|
|a 37(091)
|2 1981
|
| 080 |
|
|
|a 323.15(=83)
|2 1981
|
| 100 |
1 |
|
|a Bača, Juraj,
|d 1932-2021
|4 aut
|9 207872
|
| 245 |
1 |
0 |
|a Bez ridnoji školy narod zahyne
|b Z vystupu Jurija Bači
|c Jurij Bača
|
| 650 |
0 |
7 |
|a školstvo národnostné ukrajinské
|2 snkbucl
|9 900467
|
| 651 |
|
7 |
|a 5410
|2 snkbucl
|9 517188
|
| 651 |
|
7 |
|a 5400
|2 snkbucl
|9 279426
|
| 655 |
|
7 |
|a články z novín a časopisov
|2 snkbucl
|9 267496
|
| 773 |
0 |
|
|t Nove žyttja
|g Roč. 46, č. 45-46 (1996), s. 4
|
| 850 |
|
|
|a Slovenská národná knižnica v Martine
|a POA001
|
| 852 |
|
|
|a SNK
|b KIS3GCP
|
| 958 |
|
|
|a UK
|
| 958 |
|
|
|a SK
|
| 958 |
|
|
|a RK
|
| 958 |
|
|
|a RBX
|
| 999 |
|
|
|c 2558049
|d 2559979
|